000 00592cam a2200217 4500500
005 20260329002008.0
041 _afre
042 _adc
100 1 0 _aDuru, Martin
_eauthor
245 0 0 _aLe pari d’Éric Rohmer
260 _c2010.
500 _a50
690 _aCinéma
690 _aFilm
690 _aNouvelle Vague
690 _aPari
690 _aPascal
690 _aRohmer
786 0 _nPhilosophie magazine | 37 | 3 | 2010-03-01 | p. 38-38 | 1951-1787
856 4 1 _uhttps://shs.cairn.info/magazine-philosophie-magazine-2010-3-page-38?lang=fr&redirect-ssocas=7080
999 _c1810630
_d1810630